000 00913nam a2200277Ia 4500
001 Para_8021
003 CHAP
008 220125s1931 xx 000 0 und d
010 _a206950
040 _cCHAP
082 _aPA-C 595.75 H4
100 _aOman, Paul W.
_9172065
245 _aSome new necoelidia with notes on other Species (Homoptera, cicadellidae) /
_c by Paul W. Oman
300 _a62-8 p.
440 _aHemiptera; 12
_9172048
500 _aSobretiro de: Journal Kansas Entomological Society 4 (3): 62-8,1931. Encuadernado con otros impresos similares
650 _aHemípteros
_x colecciones de escritos Cicadellidae
_9173361
710 _aJournal Kansas Entomological Society 4 (3)
_9173229
901 _aPA-C 595.75 H4
902 _aA
905 _a0000001931 0000000000 00
910 _a1931
942 _cPARA
942 _cPARA
_d1
999 _c206950
_d206950